Senatori a vita della Repubblica Italiana - Statistics

Statistiche generali
  • Questo quiz è stato fatto 20 volte
  • Il punteggio medio è 17 su 49
Statistiche sulle risposte
Anni Nome Presidente che l'ha nominato % Corretto
2018-... Liliana Segre Sergio Mattarella
94%
2005-2006 2015-2023 Giorgio Napolitano Carlo Azeglio Ciampiex presidente
82%
2015-2023 Giorgio Napolitano (ex presidente)
82%
1967-1971 Giovanni Leone Giuseppe Saragat
82%
1978-2001 Giovanni Leone (ex presidente)
82%
1955-1961 Luigi Einaudi (ex presidente)
82%
1985-1990 Sandro Pertini (ex presidente)
82%
2006-2016 Carlo Azeglio Ciampi (ex presidente)
76%
1992-2010 Francesco Cossiga (ex presidente)
76%
1971-1988 Giuseppe Saragat (ex presidente)
71%
1948-1959 Enrico de Nicola (ex presidente)
65%
1962-1978 Giovanni Gronchi (ex presidente)
65%
1999-2012 Oscar Luigi Scalfaro (ex presidente)
65%
1964-1972 Antonio Segni (ex presidente)
59%
2011-... Mario Monti Giorgio Napolitano
59%
2013-... Renzo Piano Giorgio Napolitano
59%
1991-2013 Giulio Andreotti Francesco Cossiga
53%
1984-2001 Carlo Bo Sandro Pertini
47%
2001-2012 Rita Levi-Montalcini Carlo Azeglio Ciampi
41%
1981-1984 Eduardo De Filippo Sandro Pertini
35%
1972-1999 Amintore Fanfani Giovanni Leone
29%
2013-2014 Claudio Abbado Giorgio Napolitano
29%
2013-... Elena Cattaneo Giorgio Napolitano
29%
2003-2013 Emilio Colombo Carlo Azeglio Ciampi
29%
1991-2003 Gianni Agnelli Francesco Cossiga
29%
1949 (rinuncia) Arturo Toscanini Luigi Einaudi
24%
1967-1981 Eugenio Montale Giuseppe Saragat
24%
2013-... Carlo Rubbia Giorgio Napolitano
18%
1991-1994 Giovanni Spadolini Francesco Cossiga
18%
1991-2001 Paolo Emilio Taviani Francesco Cossiga
18%
1952-1959 Luigi Sturzo Luigi Einaudi
12%
1984-2004 Norberto Bobbio Sandro Pertini
12%
2005-2012 Sergio Pininfarina Carlo Azeglio Ciampi
12%
1950 Trilussa Luigi Einaudi
12%
1982-1988 Camilla Ravera Sandro Pertini
6%
1991-2002 Francesco De Martino Francesco Cossiga
6%
1950-1957 Gaetano De Sanctis Luigi Einaudi
6%
1957-1967 Giuseppe Paratore Giovanni Gronchi
6%
1980-1999 Leo Valiani Sandro Pertini
6%
2004-2005 Mario Luzi Carlo Azeglio Ciampi
6%
1950-1959 Pietro Canonica Luigi Einaudi
6%
1970-1980 Pietro Nenni Giuseppe Saragat
6%
1952-1963 Umberto Zanotti Bianco Luigi Einaudi
6%
1963-1991 Cesare Merzagora Antonio Segni
0%
1963-1981 Ferruccio Parri Antonio Segni
0%
1949-1952 Guido Castelnuovo Luigi Einaudi
0%
1963-1970 Meuccio Ruini Antonio Segni
0%
1950-1959 Pasquale Jannaccone Luigi Einaudi
0%
1966-1967 Vittorio Valletta Giuseppe Saragat
0%
Nessun quiz corrispondente trovato
Distribuzione punteggi
Percentuale di utenti per punteggio
Percentile per numero di risposta
I tuoi punteggi nel tempo
Non hai fatto questo quiz